<?xml version="1.0" encoding="UTF-8"?>
<marc:record xmlns:marc="http://www.loc.gov/MARC21/slim">
   <marc:leader>00000nam a2200000 a 4500</marc:leader>
   <marc:datafield ind1="1" ind2=" " tag="100">
      <marc:subfield code="a">Quimby, Fred</marc:subfield>
   </marc:datafield>
   <marc:datafield ind1="1" ind2=" " tag="100">
      <marc:subfield code="a">Jones, Chuck</marc:subfield>
   </marc:datafield>
   <marc:datafield ind1="0" ind2="0" tag="245">
      <marc:subfield code="a">Tom und Jerry: Rund um den Globus [Bildtonträger]</marc:subfield>
   </marc:datafield>
   <marc:datafield ind1="0" ind2="0" tag="245">
      <marc:subfield code="c">Regie: Chuck Jones, Fred Quimby</marc:subfield>
   </marc:datafield>
   <marc:datafield ind1=" " ind2="1" tag="264">
      <marc:subfield code="b">Warner Home Video</marc:subfield>
      <marc:subfield code="c">2010</marc:subfield>
   </marc:datafield>
   <marc:datafield ind1="1" ind2=" " tag="520">
      <marc:subfield code="a">Diesmal packen Tom und Jerry die Koffer für eine Weltreise! Das beliebteste Katz- und Maus-Team der Welt reist von Amerika nach Japan, von Ägypten nach Griechenland und erlebt verblüffende Abenteuer bei atemlosen, irrwitzig gagreichen Jagden. Diese sechs Cartoons sind ein Erster-Klasse-Fun-Ticket für die gesamte Familie. Alles einsteigen!</marc:subfield>
   </marc:datafield>
   <marc:datafield ind1=" " ind2=" " tag="020">
      <marc:subfield code="a">5051890020000</marc:subfield>
      <marc:subfield code="9">5051890020000</marc:subfield>
   </marc:datafield>
   <marc:datafield ind1=" " ind2=" " tag="500">
      <marc:subfield code="a">Sprache: Rumänisch (Stereo), Deutsch (Dolby Digital 1.0), Tschechisch (Dolby Digital 1.0), Englisch (Dolby Digital 1.0), Italienisch (Dolby Digital 1.0), Französisch (Dolby Digital 1.0), Griechisch (Dolby Digital 2.0), Spanisch (Dolby Digital 1.0). Untert</marc:subfield>
   </marc:datafield>
   <marc:datafield ind1="0" ind2=" " tag="490">
      <marc:subfield code="v">0</marc:subfield>
   </marc:datafield>
   <marc:datafield ind1=" " ind2=" " tag="300">
      <marc:subfield code="a">1 DVD (45 Min.) : farbig</marc:subfield>
   </marc:datafield>
</marc:record>
